Horror Movie Icons Slideshow Quiz Stats

 Plays Quiz not verified by Sporcle

Score 0/36 Timer 10:00
1 Play Today
% Correct
Freddy Krueger (Nightmare on Elm St.)
99%
Jason Voorhees (Friday the 13th)
96.8%
Count Dracula (Dracula)
93.5%
Frankenstein's Monster (Frankenstein)
91.6%
Chucky (Child's Play)
91.2%
Michael Myers (Halloween)
89.9%
Carrie White (Carrie)
89.9%
Pinhead (Hellraiser)
86.6%
Ghostface Killer (Scream)
85.8%
Hannibal Lecter (Silence of the Lambs)
83.9%
Jack Torrance (The Shining)
83.9%
Norman Bates (Psycho)
83.4%
Leatherface (Texas Chain Saw Massacre)
82.2%
Larry Talbot
78.5%
Damien Thorn (The Omen)
76.4%
Cujo (Cujo)
75.2%
Blair Witch (The Blair Witch Project)
73.3%
Count Graf Orlok (Nosferatu)
69.1%
% Correct
Jack Griffin
69%
Jigsaw (Saw)
68.2%
The Candyman (Candyman)
68%
The Gill Man (Creature from the Black Lagoon)
66.7%
Christine (Christine)
60.7%
Patrick Bateman (American Psycho)
60.1%
The Creeper (Jeepers Creepers)
56.9%
The Thing (The Thing)
55%
Mr. Hyde (Dr. Jekyll & Mr. Hyde)
49.5%
Samara (The Ring)
48.7%
The Phantom (The Phantom of the Opera)
48.2%
Regan (The Exorcist)
47.6%
John Ryder (The Hitcher)
34.8%
The Tall Man (Phantasm)
33.3%
Bub (Day of the Dead)
30%
Lord Summerisle (The Wicker Man)
15.8%
Dr. Anton Phibes (The Abominable Dr. Phibes)
13.4%
Dr. Moreau (Island of Lost Souls)
7%

You're not logged in!

Compare scores with friends on all Sporcle quizzes.
OR
Log In

You Might Also Like...

Show Comments

Extras

Top Quizzes Today


Score Distribution

Your Account Isn't Verified!

In order to create a playlist on Sporcle, you need to verify the email address you used during registration. Go to your Sporcle Settings to finish the process.

Report this User

Report this user for behavior that violates our Community Guidelines.

Details: